000 00555nam a2200181 u 4500
005 20220603063708.0
008 080724s2007 ug r 000 0 spa d
020 _a9789974802841
035 _aUPN01000158168
049 _aI
050 4 _aPZ73
_bC8.4
245 0 0 _aCuentos de todos los días :
_brelatos de la vida cotidiana /
_cselec. Alfredo Parra ... [et al.] .
260 _aMontevideo :
_bCadiex international,
_c2007.
300 _a100 p. :
_bil. col.
650 4 _aCuentos infantiles
_96744
700 1 _aParra, Alfredo,
_ecomp.
905 _aLibro
999 _c130282
_d130282